[Event "IX Meenutades Paul Kerest (w) 1999"]
[Site "Tallinn EST"]
[Date "1999.01.09"]
[Round "2"]
[White "Reizniece, Dana"]
[Black "Stepovaia, Tatiana"]
[Result "0-1"]
[WhiteElo "2170"]
[BlackElo "2355"]
[PlyCount "104"]
[EventDate "1999.01.09"] 
1. c4 e5 2. Nc3 Nc6 3. g3 g6 4. Bg2 d6 5. d3 Bg7 6. Rb1 h6 7. e3 Nf6 8. Nge2
O-O 9. O-O Ne7 10. Nd5 Nexd5 11. cxd5 b6 12. Bd2 Bb7 13. e4 a5 14. Rc1 Nd7 15.
Bc3 Ba6 16. Qc2 Nc5 17. Rfd1 Qe7 18. d4 Bxe2 19. Qxe2 exd4 20. Bxd4 Bxd4 21.
Rxd4 Rae8 22. Re1 Kg7 23. f4 f6 24. Qc2 Kh7 25. Rd2 Qg7 26. Rde2 Re7 27. Bf3
Rfe8 28. h4 Kg8 29. b3 g5 30. Kh2 f5 31. exf5 gxh4 32. gxh4 Rxe2+ 33. Rxe2
Rxe2+ 34. Qxe2 Qf6 35. Qe8+ Kg7 36. Kg3 Qxf5 37. Qe7+ Qf7 38. Qe3 Nd7 39. Qc3+
Nf6 40. Qd4 Qg6+ 41. Kf2 Qc2+ 42. Kg3 Qc1 43. h5 Qe1+ 44. Kg2 Qb1 45. Qe3 Qxa2+
46. Kg3 Qb2 47. Qe7+ Kg8 48. Qd8+ Kf7 49. Qxc7+ Kg8 50. Qxd6 Qd4 51. Qe6+ Kg7
52. Qe7+ 52... Kg8 $138 0-1

[Event "IX Meenutades Paul Kerest (w) 1999"]
[Site "Tallinn EST"]
[Date "1999.01.09"]
[Round "2"]
[White "Piarnpuu, Leili"]
[Black "Cmilyte, Viktorija"]
[Result "0-1"]
[WhiteElo "2290"]
[BlackElo "2210"]
[PlyCount "130"]
[EventDate "1999.01.09"] 
1. Nf3 Nf6 2. d4 e6 3. c4 b6 4. g3 Bb7 5. Bg2 c5 6. O-O cxd4 7. Qxd4 Be7 8. Nc3
d6 9. Rd1 a6 10. Bg5 Nbd7 11. e4 O-O 12. Rac1 Rc8 13. b3 h6 14. Bxf6 Nxf6 15.
h3 Qc7 16. Qe3 Rfe8 17. Nd4 Bf8 18. Qd2 g6 19. Re1 Rcd8 20. Kh2 Bg7 21. Qd3 Qb8
22. Na4 Nd7 23. b4 Nc5 24. bxc5 dxc5 25. Qc2 Rxd4 26. Rb1 Qc7 27. Nxb6 Red8 28.
Re2 Bc6 29. Na4 Qa5 30. Nb2 Rd2 31. Rxd2 Rxd2 32. Qc1 Rxf2 33. Nd1 Rxg2+ 34.
Kxg2 Bxe4+ 35. Kf1 Bd3+ 36. Kg2 Qxa2+ 37. Rb2 Bxb2 38. Nxb2 Bxc4 39. Kg1 Bd5
40. Qc3 Qb1+ 41. Kf2 Qf5+ 42. Ke1 Qxh3 43. Na4 Qh1+ 44. Kd2 Qg2+ 45. Kc1 Qg1+
46. Kb2 Qd4 47. Nxc5 Qxc3+ 48. Kxc3 Kg7 49. Nxa6 Kf6 50. Kd4 Bg2 51. Nc5 h5 52.
Ke3 g5 53. Kf2 Bc6 54. Nd3 e5 55. Nb4 Bb7 56. Nd3 e4 57. Nc5 Bc6 58. Nb3 Ke5
59. Nd2 Bd5 60. Nf1 f5 61. Nd2 Kd4 62. Nf1 f4 63. gxf4 gxf4 64. Nh2 e3+ 65. Ke1
65... f3 {time} 0-1

[Event "IX Meenutades Paul Kerest (w) 1999"]
[Site "Tallinn EST"]
[Date "1999.01.09"]
[Round "3"]
[White "Cmilyte, Viktorija"]
[Black "Fomina, Tatyana"]
[Result "1-0"]
[WhiteElo "2210"]
[BlackElo "2240"]
[PlyCount "121"]
[EventDate "1999.01.09"] 
1. d4 d5 2. c4 Nc6 3. cxd5 Qxd5 4. Nf3 e5 5. Nc3 Bb4 6. Bd2 Bxc3 7. Bxc3 e4 8.
Ne5 Nxe5 9. dxe5 Be6 10. Qa4+ Bd7 11. Qc2 Bc6 12. e3 Ne7 13. b3 Qe6 14. Rd1 O-O
15. Bc4 Qg6 16. O-O Nf5 17. Bd5 Nh4 18. f4 Rad8 19. Bxc6 Qxc6 20. Qb2 Rd3 21.
Bd4 Qd5 22. Rc1 Qd7 23. Qe2 b6 24. b4 Nf5 25. Qg4 Rd8 26. Rxc7 Qxc7 27. Qxf5
Qc6 28. Qg5 Qd5 29. f5 h6 30. Qh4 Rxd4 31. exd4 Qxd4+ 32. Kh1 Re8 33. e6 fxe6
34. fxe6 Rxe6 35. h3 Qd3 36. Qf4 Rf6 37. Qb8+ Kh7 38. Rxf6 gxf6 39. Qxa7+ Kg6
40. Qc7 b5 41. Qf4 Qb1+ 42. Kh2 Qxb4 43. Qg4+ Kf7 44. Qd7+ Qe7 45. Qd5+ Qe6 46.
Qb7+ Kg6 47. Qxb5 e3 48. Qd3+ f5 49. Kg1 e2 50. Qg3+ Kf6 51. Qe1 Qe3+ 52. Kh2
Qd3 53. Kg1 Qd4+ 54. Kh2 Qd1 55. Qh4+ Kg6 56. Qg3+ Kf6 57. Qc3+ Ke6 58. Qc6+
Qd6+ 59. Qxd6+ Kxd6 60. g3 e1=Q 61. Kg2 {time} 1-0

[Event "IX Meenutades Paul Kerest (w) 1999"]
[Site "Tallinn EST"]
[Date "1999.01.09"]
[Round "3"]
[White "Kovalevskaya, Ekaterina"]
[Black "Piarnpuu, Leili"]
[Result "1-0"]
[WhiteElo "2480"]
[BlackElo "2290"]
[PlyCount "133"]
[EventDate "1999.01.09"] 
1. e4 e5 2. Nf3 Nc6 3. Bb5 a6 4. Ba4 Nf6 5. O-O Be7 6. Re1 b5 7. Bb3 d6 8. c3
O-O 9. h3 Nb8 10. d4 Nbd7 11. d5 Bb7 12. Nbd2 Nc5 13. Bc2 c6 14. b4 Ncd7 15.
dxc6 Bxc6 16. Nf1 Nb6 17. Ng3 Re8 18. Bb3 Bf8 19. Bg5 h6 20. Be3 Nc4 21. Qd3 d5
22. exd5 Qxd5 23. Bxc4 bxc4 24. Qxd5 Bxd5 25. Nd2 Be6 26. Nge4 Nd7 27. f4 f5
28. Ng3 e4 29. Ne2 g6 30. Nd4 Bf7 31. g4 fxg4 32. hxg4 Nf6 33. g5 hxg5 34. fxg5
Ng4 35. Bf4 Bd5 36. Nf1 Rad8 37. Ne3 Nxe3 38. Bxe3 Bd6 39. Kg2 Be5 40. Rad1 Kg7
41. Rh1 Rh8 42. Rh6 Bf7 43. Rdh1 Rxh6 44. gxh6+ Kh7 45. Nc6 Re8 46. Nxe5 Rxe5
47. Rd1 g5 48. Rd6 Re6 49. Rxe6 Bxe6 50. Bxg5 Kg6 51. Kf2 Bf5 52. Bf4 Kf7 53.
Ke3 Ke6 54. Kd4 Bg6 55. Kxc4 Kf5 56. Be3 Kg4 57. Kd4 Kf5 58. c4 Ke6 59. c5 Bh7
60. a3 Kd7 61. Ke5 Kc6 62. Kf6 Kd5 63. Kg7 Bf5 64. h7 Bxh7 65. Kxh7 Kc6 66. Kg6
Kd5 67. Kf5 1-0

[Event "IX Meenutades Paul Kerest (w) 1999"]
[Site "Tallinn EST"]
[Date "1999.01.09"]
[Round "3"]
[White "Voronova, Tatiana"]
[Black "Reizniece, Dana"]
[Result "1/2-1/2"]
[WhiteElo "2270"]
[BlackElo "2170"]
[PlyCount "112"]
[EventDate "1999.01.09"] 
1. e4 d6 2. d4 Nf6 3. f3 c5 4. c3 Qc7 5. Be3 e6 6. Nh3 Be7 7. Nf2 Nc6 8. Be2
O-O 9. O-O b6 10. Na3 a6 11. Nc2 Bb7 12. Kh1 Rfe8 13. Qd2 Rad8 14. Rac1 Qb8 15.
b4 Qa8 16. a4 Nd7 17. Rb1 f5 18. b5 axb5 19. axb5 Na5 20. exf5 exf5 21. Nh3 Bd5
22. Nf4 Bf7 23. Rfe1 Bf6 24. Bd3 g6 25. Qf2 Nb3 26. Qg3 Kh8 27. Na1 cxd4 28.
cxd4 Nxd4 29. Qf2 Ne6 30. Nxe6 Rxe6 31. Bd4 Rde8 32. Bxf6+ Rxf6 33. Qd4 Kg7 34.
Nc2 Rxe1+ 35. Rxe1 Qd5 36. Re7 Qxd4 37. Nxd4 Ne5 38. Bc2 Kf8 39. Rb7 d5 40. h3
Rd6 41. f4 Nc4 42. Kh2 Kg7 43. Bxf5 Rf6 44. Be6 Rxf4 45. Bxd5 Rxd4 46. Rxf7+
Kh6 47. Bxc4 Rxc4 48. Rf6 Rb4 49. Rxb6 Rb3 50. Rb7 Rb2 51. b6 Rb3 52. Kg1 Kg5
53. Kh2 h5 54. Rb8 h4 55. Rb7 Rb2 56. Rb8 Rb3 1/2-1/2

[Event "IX Meenutades Paul Kerest (w) 1999"]
[Site "Tallinn EST"]
[Date "1999.01.10"]
[Round "4"]
[White "Fomina, Tatyana"]
[Black "Reizniece, Dana"]
[Result "1-0"]
[WhiteElo "2240"]
[BlackElo "2170"]
[PlyCount "97"]
[EventDate "1999.01.09"] 
1. e4 d6 2. d4 Nf6 3. Nc3 g6 4. Bc4 Bg7 5. Nge2 O-O 6. O-O Nxe4 7. Bxf7+ Rxf7
8. Nxe4 e6 9. Bg5 Qf8 10. Qd2 Nc6 11. c3 Ne7 12. N2g3 Nd5 13. b4 Bd7 14. Rac1
Nf4 15. Ne2 Nxe2+ 16. Qxe2 Re8 17. Qd2 Bc6 18. Ng3 b5 19. f3 Bd5 20. Rfe1 h6
21. Be3 Kh7 22. Qc2 Bf6 23. a4 a6 24. axb5 axb5 25. Ra1 Bh4 26. Qd3 Bxg3 27.
hxg3 Rxf3 28. Rf1 Bc4 29. Rxf3 Bxd3 30. Rxf8 Rxf8 31. Ra7 Rf1+ 32. Kh2 Rf7 33.
Bf4 Kg7 34. Be3 g5 35. g4 Kg6 36. Kg3 h5 37. gxh5+ Kxh5 38. Ra8 Rg7 39. Rc8 Kg6
40. Rf8 Bc4 41. Kg4 Be2+ 42. Kg3 Bd3 43. Kg4 Bf5+ 44. Kg3 Be4 45. Kg4 Bxg2 46.
Bxg5 Be4 47. Rf6+ Kh7 48. Rxe6 Rf7 49. Rxe4 1-0

[Event "IX Meenutades Paul Kerest (w) 1999"]
[Site "Tallinn EST"]
[Date "1999.01.10"]
[Round "4"]
[White "Piarnpuu, Leili"]
[Black "Stepovaia, Tatiana"]
[Result "0-1"]
[WhiteElo "2290"]
[BlackElo "2355"]
[PlyCount "126"]
[EventDate "1999.01.09"] 
1. d4 d5 2. Nf3 c6 3. c4 dxc4 4. e3 Be6 5. a4 Nf6 6. Qc2 Na6 7. Bd2 Bd5 8. Bxc4
Bxc4 9. Qxc4 e6 10. O-O Qd5 11. Qxd5 exd5 12. Bc3 Bd6 13. Nbd2 O-O 14. Ne5 Rfd8
15. h3 Nd7 16. Nxd7 Rxd7 17. e4 dxe4 18. Nxe4 Be7 19. Rfe1 f5 20. Nd2 Bf6 21.
Nf3 Nc7 22. Rad1 Rad8 23. Rd2 g6 24. Red1 Rd5 25. Kf1 Ne6 26. g3 g5 27. Kg2 g4
28. hxg4 fxg4 29. Ne5 Bxe5 30. dxe5 Rxd2 31. Rxd2 Rxd2 32. Bxd2 Nc5 33. a5 Kf7
34. f4 gxf3+ 35. Kxf3 Ke6 36. Be3 Nd3 37. Bxa7 Nxb2 38. Bd4 Nc4 39. Bc3 Nxe5+
40. Ke4 Nc4 41. g4 Nd6+ 42. Kf4 c5 43. Be1 c4 44. Ke3 Kd5 45. Bb4 Ne4 46. Be1
Nc5 47. Bb4 Nd7 48. Bc3 Ne5 49. Kf4 Nxg4 50. Kxg4 Ke4 51. Kh5 Kd3 52. Be5 c3
53. Kh6 c2 54. Bf4 Kc4 55. Kxh7 Kb5 56. Kg6 Kxa5 57. Kf5 Kb4 58. Ke4 Kc3 59.
Kd5 b5 60. Kc5 b4 61. Kb5 b3 62. Be5+ Kd2 63. Bf4+ Kd1 0-1

[Event "IX Meenutades Paul Kerest (w) 1999"]
[Site "Tallinn EST"]
[Date "1999.01.10"]
[Round "4"]
[White "Cmilyte, Viktorija"]
[Black "Kovalevskaya, Ekaterina"]
[Result "1-0"]
[WhiteElo "2210"]
[BlackElo "2480"]
[PlyCount "115"]
[EventDate "1999.01.09"] 
1. d4 Nf6 2. c4 d6 3. Nf3 Nbd7 4. Nc3 e5 5. Bg5 c6 6. e3 Qa5 7. Qd2 h6 8. Bh4
g5 9. Bg3 Bg7 10. h3 O-O 11. Bd3 Nh5 12. Bh2 f5 13. dxe5 dxe5 14. Be2 Nhf6 15.
O-O-O f4 16. e4 Qc7 17. Qd6 Qxd6 18. Rxd6 Re8 19. Rdd1 Nc5 20. Nd2 a5 21. Bg1
Bf8 22. f3 Be6 23. Bf2 Nfd7 24. Kc2 Be7 25. g3 Kh7 26. h4 fxg3 27. Bxg3 Rg8 28.
hxg5 Bxg5 29. Bf2 a4 30. a3 Rad8 31. Bf1 Rgf8 32. Bh3 Bxh3 33. Rxh3 Rf7 34. Nf1
Rdf8 35. Nh2 Ne6 36. Ng4 Nf4 37. Rh2 Ng6 38. Ne3 Bxe3 39. Bxe3 Nf4 40. Nxa4 Rg7
41. Rd6 Rf6 42. Rxf6 Nxf6 43. Nc5 b6 44. Nd3 Rg2+ 45. Rxg2 Nxg2 46. Bxb6 Nd7
47. Bc7 h5 48. Nxe5 Nxe5 49. Bxe5 Kg6 50. a4 Kf7 51. a5 Ke6 52. Bb8 Kd7 53. Kd2
Kc8 54. Bd6 Kd7 55. c5 Kc8 56. Ke2 Nh4 57. Kf2 Ng6 58. Kg2 1-0

[Event "IX Meenutades Paul Kerest (w) 1999"]
[Site "Tallinn EST"]
[Date "1999.01.10"]
[Round "5"]
[White "Kovalevskaya, Ekaterina"]
[Black "Fomina, Tatyana"]
[Result "1/2-1/2"]
[WhiteElo "2480"]
[BlackElo "2240"]
[PlyCount "95"]
[EventDate "1999.01.09"] 
1. e4 c5 2. Nf3 e6 3. c3 d5 4. exd5 Qxd5 5. d4 Nf6 6. Be2 Be7 7. O-O O-O 8. c4
Qd6 9. dxc5 Qxd1 10. Rxd1 Bxc5 11. Nc3 b6 12. a3 Bb7 13. b4 Be7 14. Nb5 Nc6 15.
Nd6 Bxd6 16. Rxd6 Rad8 17. Rxd8 Rxd8 18. Bb2 Ne4 19. Rd1 Rxd1+ 20. Bxd1 f6 21.
Bc2 Nd6 22. c5 bxc5 23. bxc5 Nc4 24. Bc1 Kf7 25. Kf1 N4e5 26. Nxe5+ Nxe5 27. f4
Ba6+ 28. Kf2 Nd3+ 29. Bxd3 Bxd3 30. Ke3 Bb5 31. Kd4 Ke7 32. g3 Kd7 33. Bd2 Kc6
34. Ba5 Kd7 35. Bd2 Kc6 36. Be3 Kd7 37. g4 h6 38. h4 Be2 39. g5 hxg5 40. hxg5
fxg5 41. fxg5 g6 42. Ke5 Bd3 43. c6+ Kxc6 44. Bxa7 Bf5 45. a4 Kb7 46. Bd4 Ka6
47. Bc3 Bh3 48. Kd6 1/2-1/2

[Event "IX Meenutades Paul Kerest (w) 1999"]
[Site "Tallinn EST"]
[Date "1999.01.10"]
[Round "5"]
[White "Stepovaia, Tatiana"]
[Black "Cmilyte, Viktorija"]
[Result "1-0"]
[WhiteElo "2355"]
[BlackElo "2210"]
[PlyCount "129"]
[EventDate "1999.01.09"] 
1. e4 c5 2. d3 Nc6 3. f4 d6 4. Nf3 g6 5. g3 Bg7 6. Bg2 Nf6 7. O-O O-O 8. h3 Rb8
9. g4 Nd7 10. f5 Nde5 11. Nc3 b5 12. Kh1 b4 13. Nd5 e6 14. Nxe5 dxe5 15. Ne3
Nd4 16. Qe1 Bf6 17. c3 Nc6 18. Qe2 Ba6 19. Rd1 Qe7 20. Bf1 Bg5 21. Qf3 Kg7 22.
Bd2 Rbd8 23. Be1 Bb7 24. Ng2 exf5 25. gxf5 gxf5 26. Qxf5 Bc8 27. Qf3 Qf6 28.
Qxf6+ Bxf6 29. Ne3 bxc3 30. bxc3 Bg5 31. Bf2 Ne7 32. Nc4 f5 33. Bxc5 fxe4 34.
dxe4 Rxd1 35. Rxd1 Ba6 36. Bxe7 Bxe7 37. Ne3 Bb7 38. Bg2 Bc6 39. Nf5+ Kf7 40.
Nh6+ Kg6 41. Ng4 Bb5 42. Nxe5+ Kg7 43. c4 Ba4 44. Rb1 Rf2 45. Rb7 Kf8 46. Rb8+
Kg7 47. Ng4 Rxa2 48. e5 Ra1+ 49. Kh2 Bc5 50. Bd5 Ra2+ 51. Kg3 Ra3+ 52. Kf4 Bf8
53. Rb7+ Kh8 54. Nf6 Bh6+ 55. Kf5 Bc2+ 56. Be4 Rf3+ 57. Ke6 Bxe4 58. Rb8+ Bf8
59. Rxf8+ Kg7 60. Rg8+ Kh6 61. Nxe4 Rxh3 62. c5 a5 63. c6 Re3 64. c7 Rxe4 65.
c8=Q 1-0

[Event "IX Meenutades Paul Kerest (w) 1999"]
[Site "Tallinn EST"]
[Date "1999.01.10"]
[Round "5"]
[White "Voronova, Tatiana"]
[Black "Piarnpuu, Leili"]
[Result "1/2-1/2"]
[WhiteElo "2270"]
[BlackElo "2290"]
[PlyCount "27"]
[EventDate "1999.01.09"] 
1. e4 e5 2. Nf3 Nc6 3. Bb5 a6 4. Ba4 Nf6 5. d4 exd4 6. O-O Be7 7. e5 Ne4 8.
Nxd4 Nxd4 9. Qxd4 Nc5 10. Nc3 O-O 11. Bb3 d6 12. Bf4 dxe5 13. Bxe5 Qxd4 14.
Bxd4 1/2-1/2

[Event "IX Meenutades Paul Kerest (w) 1999"]
[Site "Tallinn EST"]
[Date "1999.01.10"]
[Round "6"]
[White "Piarnpuu, Leili"]
[Black "Reizniece, Dana"]
[Result "0-1"]
[WhiteElo "2290"]
[BlackElo "2170"]
[PlyCount "110"]
[EventDate "1999.01.09"] 
1. Nf3 Nf6 2. c4 g6 3. Nc3 Bg7 4. e4 d6 5. Be2 O-O 6. d4 e5 7. Be3 Ng4 8. Bg5
f6 9. Bh4 Nc6 10. d5 Ne7 11. Nd2 Nh6 12. f3 g5 13. Bf2 Ng6 14. g3 Bh3 15. c5 f5
16. b4 fxe4 17. Ndxe4 Nf5 18. cxd6 cxd6 19. Rc1 Nd4 20. Be3 Bg2 21. Bxg5 Qb6
22. Na4 Qxb4+ 23. Bd2 Qa3 24. Rc3 Qxa2 25. Rg1 Bxf3 26. Bxf3 Nxf3+ 27. Rxf3
Rxf3 28. Qxf3 Qxa4 29. Ke2 Qc4+ 30. Qd3 Qxd3+ 31. Kxd3 Ne7 32. Rb1 Nxd5 33.
Rxb7 Nb6 34. Ng5 d5 35. Ne6 e4+ 36. Ke2 Be5 37. Bf4 Bxf4 38. gxf4 Nc4 39. Rd7
Nb6 40. Rg7+ Kh8 41. f5 d4 42. f6 Nd5 43. Nxd4 Nxf6 44. Rf7 Ng4 45. Re7 e3 46.
h3 Nf6 47. Rxe3 Nd5 48. Ra3 Nf4+ 49. Kf2 Kg7 50. Nc6 a6 51. Kg3 Ne6 52. Kg4 Nc5
53. Ne5 Re8 54. Nf3 Re4+ 55. Kg3 55... Rc4 {time} 0-1

[Event "IX Meenutades Paul Kerest (w) 1999"]
[Site "Tallinn EST"]
[Date "1999.01.10"]
[Round "6"]
[White "Cmilyte, Viktorija"]
[Black "Voronova, Tatiana"]
[Result "1-0"]
[WhiteElo "2210"]
[BlackElo "2270"]
[PlyCount "99"]
[EventDate "1999.01.09"] 
1. d4 g6 2. c4 Bg7 3. Nf3 c5 4. Nc3 cxd4 5. Nxd4 Nc6 6. e3 Nh6 7. Bd3 O-O 8.
O-O d6 9. Nf3 Bf5 10. e4 Bg4 11. h3 Bxf3 12. Qxf3 Kh8 13. Be3 f5 14. Bxh6 Bxh6
15. exf5 gxf5 16. Qh5 Ne5 17. Bxf5 Qe8 18. Qxe8 Raxe8 19. Be6 Nd3 20. Rab1 Bg7
21. Bd5 b6 22. Nd1 e6 23. Be4 Nf4 24. Ne3 Ne2+ 25. Kh2 Bd4 26. Rbe1 Nf4 27. g3
d5 28. Bb1 Ng6 29. cxd5 exd5 30. Kg2 Bxb2 31. Nxd5 Rxe1 32. Rxe1 Bd4 33. Re2
Bc5 34. h4 Kg7 35. h5 Nh8 36. Nf4 Rc8 37. Bf5 Rg8 38. Re6 Nf7 39. Rc6 Nd8 40.
Rc7+ Kf6 41. Bxh7 Rg7 42. Nd5+ Ke5 43. Rxg7 Kxd5 44. Rxa7 Ne6 45. Bg8 Ke5 46.
f4+ Kf6 47. Bxe6 Kxe6 48. h6 Bd4 49. h7 Kd5 50. Rd7+ 1-0

[Event "IX Meenutades Paul Kerest (w) 1999"]
[Site "Tallinn EST"]
[Date "1999.01.10"]
[Round "6"]
[White "Kovalevskaya, Ekaterina"]
[Black "Stepovaia, Tatiana"]
[Result "1/2-1/2"]
[WhiteElo "2480"]
[BlackElo "2355"]
[PlyCount "21"]
[EventDate "1999.01.09"] 
1. e4 c5 2. Nc3 Nc6 3. g3 g6 4. Bg2 Bg7 5. d3 d6 6. Be3 Nf6 7. h3 O-O 8. Nge2
Rb8 9. O-O b5 10. Qd2 b4 11. Nd1 1/2-1/2